banner-ar

جريدة مصر السينمائية الناطقة 1955 - 1995 / (Record no. 43758)

MARC details
000 -الفاتح
حقل البيانات ثابتة الطول 00595nam a2200181Ia 4500
008 - عناصر البيانات ثابتة الطول - معلومات عامة
حقل البيانات ثابتة الطول 140319s9999 xx 000 0 ara d
040 ## - مصدر الفهرسة
وكالة الفهرسة الأصلية GCL /
وكالة النسخ GCL
082 04 - رقم تصنيف ديوى العشرى
رقم التصنيف 016.791
رقم المادة و ج
100 1# - المدخل الرئيسى - إسم شخصى
الإسم الشخصى الهيئة العامة للاستعلامات
245 10 - بيان العنوان
العنوان جريدة مصر السينمائية الناطقة 1955 - 1995 /
بيان المسئوليه,etc الهيئة العامة للاستعلامات
700 1# - المدخل الاضافى - اسم شخصى
الإسم الشخصى وزارة الاعلام
490 ## - بيان السلسلة
عنوان السلسلة 100 قصة
رقم المجلد/ التعيين التسلسلي 0
650 04 - المدخل الاضافى بالموضوع-مصطلح موضوعى
مصطلح موضوعي مصر
650 04 - المدخل الاضافى بالموضوع-مصطلح موضوعى
مصطلح موضوعي السينما
650 04 - المدخل الاضافى بالموضوع-مصطلح موضوعى
مصطلح موضوعي الببليوجرافيات المتخصصة
942 ## - عناصر المدخل الإضافي( كوها)
مصدر التصنيف او مخطط الترفيف Dewey Decimal Classification
Koha [default] item type كتاب
Holdings
حالة التراجع حالة الفقد حالة تلف ليس للاعارة المكان المؤقت الموقع الحالى تاريخ الاكتساب اجمالي اﻻعارات رقم الطلب الباركود تاريخ اخر مشاهدة تاريخ تفعيل السعر نوع وعاء كوها
        مكتبة القاهرة الكبرى مكتبة القاهرة الكبرى 03/26/2014   016.791\و ج 106066 03/26/2014 03/26/2014 كتاب
        مكتبة القاهرة الكبرى مكتبة القاهرة الكبرى 03/26/2014   016.791\و ج 106067 03/26/2014 03/26/2014 كتاب

Powered By

EGPV